<?xml version="1.0" encoding="UTF-8"?>
<collection xmlns="http://www.loc.gov/MARC21/slim">
<record>
  <controlfield tag="001">170744</controlfield>
  <controlfield tag="005">20260429150230.0</controlfield>
  <datafield tag="037" ind1=" " ind2=" ">
    <subfield code="a">TAZ-TFG-2025-4330</subfield>
  </datafield>
  <datafield tag="041" ind1=" " ind2=" ">
    <subfield code="a">spa</subfield>
  </datafield>
  <datafield tag="100" ind1="1" ind2=" ">
    <subfield code="a">Vallejo Herranz, Paula</subfield>
  </datafield>
  <datafield tag="242" ind1="0" ind2="0">
    <subfield code="a">Neuroarchitecture. Comparative analysis of three study rooms in university buildings</subfield>
  </datafield>
  <datafield tag="245" ind1="0" ind2="0">
    <subfield code="a">Neuroarquitectura. Análisis comparativo de tres salas de estudio de edificios universitarios</subfield>
  </datafield>
  <datafield tag="260" ind1=" " ind2=" ">
    <subfield code="a">Zaragoza</subfield>
    <subfield code="b">Universidad de Zaragoza</subfield>
    <subfield code="c">2025</subfield>
  </datafield>
  <datafield tag="506" ind1=" " ind2=" ">
    <subfield code="a">by-nc-sa</subfield>
    <subfield code="b">Creative Commons</subfield>
    <subfield code="c">3.0</subfield>
    <subfield code="u">http://creativecommons.org/licenses/by-nc-sa/3.0/</subfield>
  </datafield>
  <datafield tag="520" ind1=" " ind2=" ">
    <subfield code="a">A día de hoy no resulta complicado reconocer la creciente relevancia del entorno construido para el bienestar del ser humano, especialmente en los lugares destinados al rendimiento académico. La Neuroarquitectura, desde sus inicios, ha tenido como propósito demostrar la manera en que los estímulos arquitectónicos influyen sobre nuestras emociones y percepciones, convirtiéndose en un instrumento esencial para reconsiderar la calidad de los entornos educativos, en este caso. Con este trabajo se tiene el objetivo de examinar tres salas de estudio que son parte de la Universidad de Zaragoza para determinar cómo se ajustan a los estándares de la Neuroarquitectura conocidos actualmente. Se exploran parámetros como la materialidad, la iluminación, la geometría, la vegetación o la configuración del espacio, entre otros, mediante una metodología descriptiva-comparativa. Con el análisis se pretende mostrar tanto fortalezas como debilidades de cada sala, subrayando la importancia de incorporar diseños más versátiles, humanos y enfocados en el bienestar de los usuarios, en este caso, estudiantes. Así, los espacios destinados al estudio en la universidad se muestran como escenarios propicios para optimizar la experiencia académica mediante una arquitectura interdisciplinaria y consciente.&lt;br /></subfield>
  </datafield>
  <datafield tag="521" ind1=" " ind2=" ">
    <subfield code="a">Graduado en Estudios en Arquitectura</subfield>
  </datafield>
  <datafield tag="540" ind1=" " ind2=" ">
    <subfield code="a">Derechos regulados por licencia Creative Commons</subfield>
  </datafield>
  <datafield tag="856" ind1="0" ind2=" ">
    <subfield code="f">817321@unizar.es</subfield>
  </datafield>
  <datafield tag="856" ind1="4" ind2=" ">
    <subfield code="s">14695985</subfield>
    <subfield code="u">http://zaguan.unizar.es/record/170744/files/TAZ-TFG-2025-4330.pdf</subfield>
    <subfield code="y">Memoria (spa)</subfield>
  </datafield>
  <datafield tag="909" ind1="C" ind2="O">
    <subfield code="o">oai:zaguan.unizar.es:170744</subfield>
    <subfield code="p">driver</subfield>
    <subfield code="p">trabajos-fin-grado</subfield>
  </datafield>
  <datafield tag="950" ind1=" " ind2=" ">
    <subfield code="a"></subfield>
  </datafield>
  <datafield tag="691" ind1=" " ind2=" ">
    <subfield code="a">3 4 17</subfield>
  </datafield>
  <datafield tag="692" ind1=" " ind2=" ">
    <subfield code="a">El trabajo promueve ambientes de estudio universitarios más saludables, que benefician el bienestar físico, emocional y cognitivo de los alumnos. Además, se enfoca en la calidad de los lugares educativos, lo que mejora las condiciones de aprendizaje. Por último, está fundamentado en una disciplina interdisciplinaria (neurociencia + arquitectura), lo que promueve la cooperación entre diferentes áreas del conocimiento.</subfield>
  </datafield>
  <datafield tag="700" ind1=" " ind2=" ">
    <subfield code="a">Marín Martínez, Adriana Sofía</subfield>
    <subfield code="e">dir.</subfield>
  </datafield>
  <datafield tag="710" ind1="2" ind2=" ">
    <subfield code="a">Universidad de Zaragoza</subfield>
    <subfield code="b">Unidad Predepartamental de Arquitectura</subfield>
    <subfield code="c">Construcciones Arquitectónicas</subfield>
  </datafield>
  <datafield tag="980" ind1=" " ind2=" ">
    <subfield code="a">TAZ</subfield>
    <subfield code="b">TFG</subfield>
    <subfield code="c">EINA</subfield>
  </datafield>
  <datafield tag="999" ind1=" " ind2=" ">
    <subfield code="a">20250909130615.CREATION_DATE</subfield>
  </datafield>
  <datafield tag="951" ind1=" " ind2=" ">
    <subfield code="a">deposita:2026-04-29</subfield>
  </datafield>
</record>
</collection>